| 000 | 01744cam a22003973a 4500 | ||
|---|---|---|---|
| 001 | 13815164 | ||
| 003 | PILC | ||
| 005 | 20160115102634.0 | ||
| 008 | 041214s2004 nyua j 000 1 eng d | ||
| 010 | _a 2004304869 | ||
| 020 | _a0439681243 | ||
| 035 | _a(OCoLC)ocm56717610 | ||
| 040 |
_aWSN _cWSN _dDLC |
||
| 050 | 0 | 0 |
_aPZ 7 _b.W764e 2004 |
| 082 |
_aFIC _bW92(5) 2004 |
||
| 100 | 1 |
_aWindham, Ryder. _919256 |
|
| 245 | 1 | 0 |
_aStar wars episode 5 : _bthe empires strikes back _cRyder Windham ; based on the story by George Lucas and the screenplay by Lawrence Kasdan and Leigh Brackett. |
| 260 |
_aNew York : _bLucas Books, _cc2004. |
||
| 300 |
_a235 p. : _bill. (some col.) ; _c20 cm. |
||
| 440 | _aStar wars episode 5 | ||
| 490 | 1 | _aStar wars trilogy | |
| 650 | 0 |
_aSkywalker, Luke (Fictitious character) _vJuvenile fiction. _919270 |
|
| 650 | 0 |
_aSolo, Han (Fictitious character) _vJuvenile fiction. _919271 |
|
| 650 | 0 |
_aLeia, Princess (Fictitious character) _vJuvenile fiction. _919272 |
|
| 655 | 7 |
_aScience fiction. _2gsafd _91889 |
|
| 700 | 1 |
_aLucas, George, _d1944- _919273 |
|
| 700 | 1 |
_aKasdan, Lawrence, _d1949- _919274 |
|
| 700 | 1 |
_aBrackett, Leigh. _919275 |
|
| 730 | 0 |
_aEmpire strikes back (Motion picture) _919276 |
|
| 800 | 1 |
_aWindham, Ryder. _tStar wars trilogy. _919277 |
|
| 856 | 4 | 2 |
_3Publisher description _uhttp://www.loc.gov/catdir/enhancements/fy1203/2004304869-d.html |
| 906 |
_a7 _bcbc _ccopycat _d2 _encip _f20 _gy-gencatlg |
||
| 942 |
_2lcc _cBK |
||
| 999 |
_c11196 _d11196 |
||